000 00591nam a2200229Ia 4500
003 OSt
005 20220928110045.0
006 a|||||r|||| 00| 0
007 ta
008 220927b |||||||| |||| 00| 0 eng d
024 _a61020
037 _cTextual
040 _aSDCL
_cSDCL
_beng
041 _2eng
_aeng
082 _aV211:24'D, K6
100 _aSubrahmanian N
_9370156
245 0 _aSangam polity
260 _aNew Delhi
_bAsia Publishing House
_c1966
300 _a424p
_ccm.
942 _hV211:24'D, K6
_cTEXL
_2CC
999 _c733935
_d733935